Asian philosophies (Record no. 395030)

MARC details
000 -LEADER
fixed length control field 00468 a2200193 4500
005 - DATE & TIME
control field 20260121102543.0
008 - FIXED-LENGTH DATA ELEMENTS--GENERAL INFORMATION
fixed length control field 260120b |||||||| |||| 00| 0 eng d
020 ## - ISBN
International Standard Book Number 9781138629721
Price £ 89.99
040 ## - CATALOGING SOURCE
Original cataloging agency VIVEKANANDA LIBRARY
082 ## - DDC NUMBER
Classification number 181
Book Number K833A(7)
100 ## - MAIN ENTRY--PERSONAL NAME
Personal name Koller, John M
245 ## - TITLE STATEMENT
Title Asian philosophies
250 ## - EDITION STATEMENT
Edition statement 7th
260 ## - PUBLICATION, DISTRIBUTION, ETC. (IMPRINT)
Name of publisher, distributor, etc Routledge
Date of publication, distribution, etc 2018
Place of publication, distribution, etc New York
300 ## - PHYSICAL DESCRIPTION
Pages xxx, 395
650 ## - Subject
Subject Philosophy
650 ## - Subject
Subject Indian Philosophy
942 ## - ADDED ENTRY ELEMENTS (KOHA)
Koha item type Books
Holdings
Withdrawn status Lost status Source of classification or shelving scheme Damaged status Not for loan Location (home branch) Sublocation or collection (holding branch) Shelving location Date acquired Koha issues (times borrowed) Koha full call number Accession No. Koha date last seen Koha item type
    Dewey Decimal Classification     VIVEKANANDA LIBRARY VIVEKANANDA LIBRARY Vivekananda Library 06/01/2026   181 K833A(7) 444170 06/01/2026 Books
© Designed and Maintained by Vivekananda Library, MDU Rohtak